[Event "Challenge"]
[Site "http://www.queenalice.com/game.php?id=84190"]
[Date "2006.7.9"]
[Round "-"]
[White "federal"]
[Black "Gustavox"]
[Result "0-1"]
[WhiteElo "1496"]
[BlackElo "1539"]

1. e3 d5 2. d4 e6 3. c3 Bd6 4. Nh3 Nf6 5. Bd3 e5 6. Qe2 e4 7. Bb5+ c6 8. Ba4
Bxh3 9. gxh3 Qd7 10. Qf1 h5 11. Qg1 Kf8 12. h4 Qh3 13. Qg5 Rh6 14. Qg1 Rg6 15.
Qf1 Rg2 16. Rg1 Rxg1 17. Qxg1 Qxh4 18. b4 Qxh2 19. Qxh2 Bxh2 20. Nd2 Ng4 21. Kf1
Nd7 22. Ba3 b5 23. Bb3 h4 24. Kg2 Bd6 25. Kh3 Nxf2+ 26. Kxh4 Ke7 27. Rf1 Rh8+
28. Kg5 Nh3+ 29. Kg4 Nf6+ 30. Rxf6 Kxf6 31. Nxe4+ dxe4 32. Bxf7 Kxf7 33. Bb2 Kf6
34. d5 Nf2# 0-1

[Event "AUTO-INT-132"]
[Site "http://www.queenalice.com/game.php?id=93943"]
[Date "2006.8.8"]
[Round "1"]
[White "maxsource"]
[Black "Gustavox"]
[Result "0-1"]
[WhiteElo "1376"]
[BlackElo "1732"]

1. e4 c5 2. Nf3 Nc6 3. d4 cxd4 4. Nxd4 Nf6 5. Nc3 Qb6 6. Be3 Qxb2 7. Ncb5 Nxd4
8. Bd3 Nxb5 9. O-O Nc3 10. Qf3 d6 11. Bd4 Bg4 0-1

[Event "AUTO-INT-132"]
[Site "http://www.queenalice.com/game.php?id=93944"]
[Date "2006.8.8"]
[Round "1"]
[White "Gustavox"]
[Black "maxsource"]
[Result "1-0"]
[WhiteElo "1729"]
[BlackElo "1376"]

1. d4 d5 2. e3 Nf6 3. Bd3 c5 4. c3 cxd4 5. cxd4 Nc6 6. Nc3 e5 7. dxe5 Nxe5 8. f4
Bg4 9. Nge2 Bb4 10. fxe5 Bxc3+ 11. bxc3 Nd7 12. Ba3 1-0

[Event "AUTO-INT-132"]
[Site "http://www.queenalice.com/game.php?id=93953"]
[Date "2006.8.8"]
[Round "1"]
[White "Viper_SB"]
[Black "Gustavox"]
[Result "1/2-1/2"]
[WhiteElo "1730"]
[BlackElo "1590"]

1. e4 c5 2. Bc4 Nc6 3. Nf3 e6 4. d3 Nge7 5. Bf4 g6 6. Nc3 d5 7. Bb5 Bd7 8. Bd6
a6 9. Bxc6 Nxc6 10. Bxf8 Kxf8 11. O-O Qf6 12. exd5 exd5 13. Nxd5 Qxb2 14. c4 Kg7
1/2-1/2

[Event "AUTO-INT-132"]
[Site "http://www.queenalice.com/game.php?id=93954"]
[Date "2006.8.8"]
[Round "1"]
[White "Gustavox"]
[Black "Viper_SB"]
[Result "1-0"]
[WhiteElo "1735"]
[BlackElo "1718"]

1. d4 d5 2. c4 Nf6 3. Nc3 e6 4. e3 c6 5. Nf3 Bd6 6. Bd3 Bd7 7. Qb3 a6 8. Qxb7 c5
9. Qb3 Nc6 10. dxc5 Bxc5 11. cxd5 Na5 12. Qc2 O-O 13. O-O Qc7 14. dxe6 Bxe6 15.
Ne4 Nxe4 16. Bxe4 Rac8 17. Bxh7+ Kh8 18. Ng5 g6 19. Qc3+ f6 20. Nxe6 Qxh7 21.
Nxf8 Rxf8 22. Qxa5 Ba7 23. Qxa6 Qc7 24. Qd3 Kg7 25. Rd1 Rf7 26. Qc3 Qe7 27. b3
Bb8 28. Bb2 Qf8 29. Qc6 Qh8 30. g3 Qh3 31. Qe8 Rf8 32. Qe7+ Kg8 33. Rd8 Qh6 34.
Qe6+ Kg7 35. Bxf6+ Rxf6 36. Qg8# 1-0

[Event "AUTO-INT-148"]
[Site "http://www.queenalice.com/game.php?id=99347"]
[Date "2006.8.25"]
[Round "1"]
[White "magdaandreia"]
[Black "Gustavox"]
[Result "0-1"]
[WhiteElo "1353"]
[BlackElo "1727"]

1. a4 e5 2. Ra3 d5 3. a5 Bxa3 4. bxa3 Nc6 5. Nf3 Bg4 6. h3 Bxf3 7. gxf3 Qh4 8.
Nc3 Nf6 9. Nb5 O-O-O 10. Bb2 a6 11. Nc3 e4 12. Rg1 exf3 13. Rxg7 Rde8 14. Rxf7
d4 15. Na2 Ne4 16. Rxf3 Ne5 17. Rf5 Nxf2 18. d3 Ne4+ 19. Rf2 Qxf2# 0-1

[Event "AUTO-INT-148"]
[Site "http://www.queenalice.com/game.php?id=99348"]
[Date "2006.8.25"]
[Round "1"]
[White "Gustavox"]
[Black "magdaandreia"]
[Result "1-0"]
[WhiteElo "1727"]
[BlackElo "1314"]

1. e4 a5 2. d4 e6 3. Nf3 c6 4. c4 Nf6 5. Nc3 h5 6. e5 Ng4 7. h3 Nh6 8. Bg5 f6 9.
exf6 gxf6 10. Ne5 fxg5 11. Qxh5+ Ke7 12. Qxg5+ Ke8 13. Qg6+ Ke7 14. Ne4 d6 15.
Qg5+ Ke8 16. Nf6+ Ke7 17. Nd5+ Ke8 18. Qg6+ Nf7 19. Qxf7# 1-0

[Event "AUTO-INT-148"]
[Site "http://www.queenalice.com/game.php?id=99359"]
[Date "2006.8.25"]
[Round "1"]
[White "CampbellMarcel"]
[Black "Gustavox"]
[Result "0-1"]
[WhiteElo "1597"]
[BlackElo "1757"]

1. e4 e5 2. Nf3 Nc6 3. Be2 Bc5 4. O-O Nf6 5. d3 O-O 6. Ng5 d5 7. exd5 Nxd5 8.
Nxh7 Kxh7 9. Bf3 f5 10. Bxd5 Qxd5 11. Qh5+ Kg8 12. Bg5 Qf7 13. Qh4 Be7 14. Nc3
Bxg5 15. Qxg5 Qf6 16. Qh5 Be6 17. f4 Nd4 18. fxe5 Qxe5 19. Rae1 Qd6 20. a4 Nxc2
21. Nb5 Qb6+ 22. Kh1 Nxe1 23. Rxe1 Rae8 24. Qg6 Rf6 25. Qxe8+ Kh7 26. Qh5+ Rh6
27. Qg5 a6 28. Na3 Qxb2 29. Nc4 Qb3 30. Ne5 Qxa4 31. Nf7 Qa5 32. Rf1 Bxf7 33. h3
Rh5 34. Qe7 Bd5 35. Qf7 Rxh3+ 36. Kg1 Qc5+ 0-1

[Event "AUTO-INT-148"]
[Site "http://www.queenalice.com/game.php?id=99360"]
[Date "2006.8.25"]
[Round "1"]
[White "Gustavox"]
[Black "CampbellMarcel"]
[Result "1-0"]
[WhiteElo "1718"]
[BlackElo "1427"]

1. e4 e6 2. d4 Na6 3. Bxa6 bxa6 4. Nf3 Bb7 5. Nbd2 Nf6 6. e5 Ng4 7. h3 Nxf2 8.
Kxf2 Be7 9. Rf1 Bxf3 10. Nxf3 O-O 11. Qd3 Bh4+ 12. Kg1 f6 13. Nxh4 f5 14. Nxf5
exf5 15. Rxf5 Qh4 16. Bg5 Qg3 17. Qxg3 Rxf5 18. Bf6 g6 19. Rf1 Rh5 20. Qb3+ Kf8
21. Bg5+ Kg7 22. Qf7+ Kh8 23. Bf6# 1-0

[Event "AUTO-INT-148"]
[Site "http://www.queenalice.com/game.php?id=99367"]
[Date "2006.8.25"]
[Round "1"]
[White "Gustavox"]
[Black "JulianoSouza"]
[Result "0-1"]
[WhiteElo "1812"]
[BlackElo "1705"]

1. e4 e6 2. d4 d5 3. Nc3 Bb4 4. e5 c5 5. Bd2 cxd4 6. Nb5 Bxd2+ 7. Qxd2 Nc6 8.
Nxd4 Nge7 9. Bb5 O-O 10. Ngf3 a6 11. Bd3 Ng6 12. Bxg6 fxg6 13. c3 Na5 14. Ng5
Qe7 15. b3 Nc6 16. O-O Bd7 17. Ngf3 h6 18. Rad1 Rf7 19. Qe3 Raf8 20. Nxc6 bxc6
21. Qd3 Be8 22. Nd4 c5 23. Nf3 Bc6 24. Qxg6 Rf5 25. Qg3 d4 26. Nh4 Rg5 27. Ng6
Qb7 28. Nxf8 Rxg3 0-1

[Event "AUTO-INT-148"]
[Site "http://www.queenalice.com/game.php?id=99368"]
[Date "2006.8.25"]
[Round "1"]
[White "JulianoSouza"]
[Black "Gustavox"]
[Result "1-0"]
[WhiteElo "1725"]
[BlackElo "1790"]

1. e4 e5 2. Nf3 Nc6 3. Bb5 a6 4. Ba4 Nf6 5. O-O Be7 6. Re1 b5 7. Bb3 O-O 8. c3
d5 9. d3 dxe4 10. dxe4 Qxd1 11. Bxd1 Rd8 12. Nbd2 Bb7 13. Bc2 a5 14. Nf1 a4 15.
Bg5 Nd7 16. Bxe7 Nxe7 17. Rad1 f6 18. Ne3 Nc5 19. Rxd8+ Rxd8 20. b4 Nxe4 21.
Bxe4 Bxe4 22. h4 Ng6 23. h5 Nf4 24. h6 gxh6 25. Ng4 Bxf3 26. gxf3 Kg7 27. Ne3
1-0

[Event "AUTO-ADV-248"]
[Site "http://www.queenalice.com/game.php?id=104718"]
[Date "2006.9.11"]
[Round "1"]
[White "mgalmeidas"]
[Black "Gustavox"]
[Result "1-0"]
[WhiteElo "1835"]
[BlackElo "1763"]

1. Nf3 d5 2. d4 e6 3. e3 Bd6 4. Nc3 c6 5. Bd3 f5 6. g3 Nf6 7. h3 O-O 8. Bd2 Ne4
9. Qe2 Nd7 10. Bxe4 fxe4 11. Nh4 e5 12. O-O-O Qf6 13. Rhf1 exd4 14. exd4 Nb6 15.
Be3 Bxh3 16. Rh1 Qe6 17. Rdg1 Bg4 18. Qe1 Nc4 19. Kb1 Rf7 20. Ng2 Raf8 21. Nf4
Qf6 22. b3 Na3+ 23. Kb2 Bf3 24. Rh2 b5 25. Nb1 Nxb1 26. Qxb1 c5 27. Nxd5 Qe6 28.
Nc3 cxd4 29. Bxd4 b4 30. Na4 Be5 31. c3 bxc3+ 32. Bxc3 Bxc3+ 33. Nxc3 Rc8 34.
Rc1 Rfc7 35. Rc2 a5 36. a4 Qe5 37. Qe1 1-0

[Event "AUTO-ADV-248"]
[Site "http://www.queenalice.com/game.php?id=104719"]
[Date "2006.9.11"]
[Round "1"]
[White "Gustavox"]
[Black "mgalmeidas"]
[Result "0-1"]
[WhiteElo "1771"]
[BlackElo "1821"]

1. e4 Nc6 2. Nf3 e6 3. d4 d5 4. e5 Bd7 5. Bg5 Be7 6. Bxe7 Qxe7 7. Be2 Qb4+ 8.
Nbd2 Nxd4 9. b3 Qc3 10. O-O Nxf3+ 11. Nxf3 Ne7 12. Nd4 Ng6 13. f4 Qe3+ 14. Kh1
Nxf4 15. Rf3 Qxe5 16. Rf2 c5 17. Nf3 Qd6 18. Qd2 a6 19. Re1 Nxe2 20. Rfxe2 Bc6
21. c4 d4 22. Qg5 Qf8 23. Ne5 h6 24. Qf4 Qe7 25. Nxc6 bxc6 26. Qe4 Qd6 27. Qg4
O-O 28. Rd1 Rae8 29. Rd3 e5 30. Rd1 Qg6 31. Qxg6 fxg6 32. a3 a5 33. Re4 Rf4 0-1

[Event "AUTO-ADV-248"]
[Site "http://www.queenalice.com/game.php?id=104742"]
[Date "2006.9.11"]
[Round "1"]
[White "Gustavox"]
[Black "mrshogi"]
[Result "0-1"]
[WhiteElo "1750"]
[BlackElo "1995"]

1. d4 Nf6 2. c4 c5 3. Nc3 cxd4 4. Qxd4 Nc6 5. Qd2 e6 6. Nf3 Bb4 7. e3 d5 8. a3
Qa5 9. Rb1 Bxc3 10. Qxc3 Qxc3+ 11. bxc3 Ne4 12. Bb2 O-O 13. Nd4 Ne5 14. cxd5
exd5 15. f3 Nc5 16. Ba1 Be6 17. Nxe6 fxe6 18. Rb5 b6 19. c4 Nxc4 20. Bxc4 dxc4
21. O-O Rad8 22. Bd4 Nb3 23. Rg5 Nxd4 24. exd4 Rxd4 0-1

[Event "AUTO-ADV-248"]
[Site "http://www.queenalice.com/game.php?id=104743"]
[Date "2006.9.11"]
[Round "1"]
[White "mrshogi"]
[Black "Gustavox"]
[Result "1-0"]
[WhiteElo "2001"]
[BlackElo "1744"]

1. d4 Nf6 2. Nf3 d5 3. Bf4 e6 4. e3 c5 5. c3 Be7 6. h3 O-O 7. Nbd2 Nc6 8. Bd3
Nh5 9. Bh2 f5 10. Ne5 c4 11. Bc2 Nf6 12. O-O Ne4 13. Ndf3 Bd6 14. Rb1 Qc7 15.
Qe1 Nxe5 16. Bxe5 Bxe5 17. Nxe5 Qe7 18. f3 Nf6 19. g4 fxg4 20. hxg4 Nd7 21. Qg3
Nxe5 22. Qxe5 Qh4 23. Kg2 1-0